00583nam a22001812 4500001001100000005001700011008004100028020004900069020002400118020002400142040001500166050001700181100003100198245004500229260004700274300001900321650006100340000000092920151217145722.0070222s xx 000 0 eng d a1857924290 (vol. 1) :cKES 1,690 (each vol.) a1857925378 (vol. 2) a1857925815 (vol. 3) aKABUcKABU 0aBT77.3b.K461 aKendall, R. T.@000014937210aUnderstanding theology /cR. T. Kendall. aRoss-shire :bChristian Focus,c1996-2001. a3 v. ;c22 cm. 0aTheology, DoctrinalxOutlines, Syllabi, etc.@0000149373